Introduction to switching theory and logical design /
Guardado en:
| Autor Principal: | |
|---|---|
| Otros Autores: | |
| Formato: | Libro |
| Idioma: | English |
| Publicado: |
New York :
Wiley,
c1981.
|
| Edición: | 3rd ed. |
| Materias: | |
| Acceso en línea: | Descripción Tabla de contenido |
| Etiquetas: |
Agregar Etiqueta
Sin Etiquetas, Sea el primero en etiquetar este registro!
|
| LEADER | 01069cam a22002775a 4500 | ||
|---|---|---|---|
| 001 | EIQ.libpla003891 | ||
| 008 | 800728s1981####nyua#####b####001#0#eng#d | ||
| 005 | 20080407180037.0 | ||
| 245 | 1 | 0 | |a Introduction to switching theory and logical design / |c Frederick [sic] J. Hill, Gerald R. Peterson. |
| 250 | |a 3rd ed. | ||
| 260 | |a New York : |b Wiley, |c c1981. | ||
| 300 | |a xv, 617 p. : |b il. ; |c 24 cm. | ||
| 504 | |a Incluye referencias bibliográficas e índice. | ||
| 020 | |a 0471042730 | ||
| 100 | 1 | |a Hill, Fredrick J. | |
| 700 | 1 | |a Peterson, Gerald R. | |
| 082 | 0 | 0 | |a 621.3815/37 |2 19 |
| 650 | 4 | |a Electrónica |x Diseño lógico. | |
| 650 | 4 | |a Electrónica |x Conmutación de circuitos. | |
| 650 | 4 | |a Electronics |x Logic design. | |
| 650 | 4 | |a Electronics |x Switching circuits. | |
| 010 | |a 80020333 | ||
| 040 | |a DLC |c DLC |d AR-BbSID | ||
| 856 | 4 | 2 | |3 Descripción |u http://www.loc.gov/catdir/enhancements/fy0608/80020333-d.html |
| 856 | 4 | 1 | |3 Tabla de contenido |u http://www.loc.gov/catdir/enhancements/fy0608/80020333-t.html |
| 859 | |a AR-BbSID |b BIB. PLAPIQUI |h 621.381 5 |i H 54 |p 1331 | ||
